Coaching Familiar / (Record no. 23001)

000 -CABECERA
fixed length control field 00774nam a22002297i 4500
003 - IDENTIFICADOR DEL NÚMERO DE CONTROL
control field AR-CdUCM
008 - DATOS DE LONGITUD FIJA--INFORMACIÓN GENERAL
fixed length control field 240823b20222022 ck||||| |||| 00| 0 spa d
020 ## - NÚMERO INTERNACIONAL ESTÁNDAR DEL LIBRO
ISBN 978-958-792-363-6
040 ## - FUENTE DE LA CATALOGACIÓN
Agencia/entidad que catalogó originalmente la obra MUNICIPALIDAD PROVINCIAL DEL CUSCO
Entidad que transcribió la catalogación BIBLIOTECA MUNICIPAL DEL CUSCO
082 ## - NÚMERO DE LA CLASIFICACIÓN DECIMAL DEWEY
No. de Clasificación 371.22 / R74C
Notacion interna R74C
100 ## - ENTRADA PRINCIPAL--NOMBRE DE PERSONA
Nombre Personal Rodríguez Gonzales, Ángela
245 ## - MENCIÓN DE TÍTULO
Título Coaching Familiar /
260 ## - PUBLICACIÓN, DISTRIBUCIÓN, ETC.
Lugar de publicación, distribución, etc. Bogotá :
Nombre de la editorial, distribuidor, etc. ICB Editores
Fecha de publicación, distribución, etc. 2022
300 ## - DESCRIPCIÓN FÍSICA
Nº de Páginas Extensión 182 páginas. :
Dimensiones 24 cm
500 ## - NOTA GENERAL
Bibliografía Bibliografía: Páginas 181-182
505 ## - NOTA DE CONTENIDO CON FORMATO
Nota de contenido formateada Orígenes del coaching -- Código deontológico -- Efecto Pigmalión <br/>
650 ## - PUNTO DE ACCESO ADICIONAL DE MATERIA--TÉRMINO DE MATERIA
Descriptor Psicología familiar
9 (RLIN) 50246
650 ## - PUNTO DE ACCESO ADICIONAL DE MATERIA--TÉRMINO DE MATERIA
Descriptor Coaching
9 (RLIN) 50238
650 ## - PUNTO DE ACCESO ADICIONAL DE MATERIA--TÉRMINO DE MATERIA
Descriptor Relaciones personales
9 (RLIN) 27931
942 ## - ELEMENTOS DE PUNTO DE ACCESO ADICIONAL (KOHA)
Fuente de clasificación
Tipo de item Libros-BMC
945 ## - PROCESAMIENTO DE INFORMACIÓN LOCAL (OCLC)
Catalogador pbj
AAAA-MM-DD - Fecha de ingreso o modificacion 2024-08-23
Holdings
Estado de retiro (separado) Fuente de clasificación o esquema de estanterías Estado dañado Ubicación Sala donde se ubica Nombre de la colección Fecha de adquisición o compra Fuente de adquisición Costo, precio normal en soles Signatura topográfica Código de Barras Última vez visto (Koha) Tipo de ítem (Koha)
No     Sala Humanidades Sala Humanidades Book Cart 2024-08-23 Donación 20.00 371.22 / R74C SH0000016795 2024-08-23 Libros-BMC

Powered by Koha